00365nam a2200121Ia 4500008004100000082001800041100001800059245004300077260002900120300000800149630004300157730004300200100122s9999 xx 000 0 und d b43805a823.08 aCHEKHOV ANTON aANTON CHEKHOV : COLLECTED WORKS VOL. 1 bRADUGA PUBLICATIONc1987 a525 aANTON CHEKHOV : COLLECTED WORKS VOL. 1 aANTON CHEKHOV : COLLECTED WORKS VOL. 1